Elements of statics and dynamics. Part 1,2 (Record no. 1332993)

MARC details
000 -LEADER
fixed length control field 00491nam a2200169Ia 4500
005 - DATE AND TIME OF LATEST TRANSACTION
control field 20250508151925.0
008 - FIXED-LENGTH DATA ELEMENTS--GENERAL INFORMATION
fixed length control field 008 250505s9999 xx 000 0 eng d
037 ## - SOURCE OF ACQUISITION
Stock number Textual
040 ## - CATALOGING SOURCE
Original cataloging agency FEDL
Language of cataloging eng
Transcribing agency FEDL
041 ## - LANGUAGE CODE
Language code of text/sound track or separate title eng
Source of code eng
084 ## - COLON CLASSIFICATION NUMBER
Classification number 531.2, LON
Assigning agency FEDL
100 ## - MAIN ENTRY--PERSONAL NAME
Personal name Loney S L
9 (RLIN) 154183
245 #0 - TITLE STATEMENT
Title Elements of statics and dynamics. Part 1,2
260 ## - PUBLICATION, DISTRIBUTION, ETC.
Place of publication, distribution, etc. New York, USA
Name of publisher, distributor, etc. The Cambridge University Press
942 ## - ADDED ENTRY ELEMENTS (KOHA)
Koha item type Textual
Classification part 531.2, LON
Holdings
Withdrawn status Lost status Damaged status Not for loan Home library Current library Date acquired Total Checkouts Full call number Barcode Date last seen Price effective from Koha item type
        Department of Education Library Department of Education Library 2025-05-08   531.2, LON EL0014282 2025-05-08 2025-05-08 Textual
Copyright @ Delhi University Library System